Muerte en el nilo / (Registro nro. 30027)
[ vista simple ]
| 000 -LÍDER | |
|---|---|
| campo de control de longitud fija | 01417nam a22002777a 4500 |
| 003 - IDENTIFICADOR DE NÚMERO DE CONTROL | |
| campo de control | OSt |
| 005 - FECHA Y HORA DE LA ÚLTIMA | |
| campo de control | 20240228163928.0 |
| 008 - ELEMENTOS DE DATOS DE LONGITUD FIJA - INFORMACIÓN GENERAL | |
| campo de control de longitud fija | 230518s2017 |||||||| |||| 00| 0 spa d |
| 020 ## - NÚMERO INTERNACIONAL NORMALIZADO DEL LIBRO | |
| Número de libro estándar internacional | 9786070743559 |
| 020 ## - NÚMERO INTERNACIONAL NORMALIZADO DEL LIBRO | |
| Número de libro estándar internacional | 9789584271167 |
| 040 ## - FUENTE DE CATALOGACIÓN | |
| Agencia de catalogación original | CO-JMCR |
| Idioma de catalogación | CO-JMCR |
| Agencia modificadora | CO-JMCR |
| Convenciones de descripción | rda |
| 041 1# - CÓDIGO DE IDIOMA | |
| Código de idioma del texto/pista de sonido o título independiente | spa |
| 082 ## - NÚMERO DE CLASIFICACIÓN DECIMAL DEWEY | |
| Número de clasificación | A-N |
| Número de artículo | CHRm1 |
| 100 ## - ENTRADA PRINCIPAL - NOMBRE PERSONAL | |
| Nombre personal | Christie, Agatha |
| Término relativo | autora |
| 9 (RLIN) | 42190 |
| 245 0# - DECLARACIÓN DEL TÍTULO | |
| Título | Muerte en el nilo / |
| Declaración de responsabilidad, etc. | Agatha Christie |
| 246 ## - FORMA VARIABLE DEL TÍTULO | |
| Título propiamente dicho/título corto | Death on the Nile |
| 260 ## - PUBLICACIÓN, DISTRIBUCIÓN, ETC. | |
| Lugar de publicación, distribución, etc. | Bogotá |
| Nombre del editor, distribuidor, etc. | Booket |
| Fecha de publicación, distribución, etc. | 2017 |
| 300 ## - DESCRIPCIÓN FÍSICA | |
| Medida | 230 páginas |
| Dimensiones | 19 cm |
| 500 ## - NOTA GENERAL | |
| Nota general | Incluye guia del lector |
| 520 ## - RESUMEN, ETC. | |
| Resumen, etc | Linnet Doyle lo tiene todo: belleza, riqueza, amor... y un viaje por el Nilo para disfrutar de su luna de miel. Pero, tras esta aparente plenitud, muchos peligros la acechan: los incontrolables celos de su amiga, los intereses económicos de sus tutores, la ambición de los ladrones de joyas... Poco a poco, el crimen se va perfilando como al inevitable, y Linnet aparece asesinada en su camarote. Poirot, que pensaba pasar unos días de vacaciones en el Nilo, se verá envuelto en este peculiar caso en el que saldrá a la luz más de un asunto tenebroso, pero en el que también hay lugar para los acontecimientos felices |
| 546 ## - NOTA DE IDIOMA | |
| Nota de idioma | Traducido del inglés |
| 650 ## - ENTRADA AÑADIDA DE ASUNTO - TÉRMINO TEMÁTICO | |
| Fuente del encabezado o término | JMCR |
| -- | Novela Inglesa |
| Subdivisión cronológica | Siglo XX |
| 9 (RLIN) | 7155 |
| 650 ## - ENTRADA AÑADIDA DE ASUNTO - TÉRMINO TEMÁTICO | |
| Fuente del encabezado o término | Novela policiaca |
| Subdivisión cronológica | Siglo XX |
| 9 (RLIN) | 43322 |
| 700 ## - ENTRADA AGREGADA - NOMBRE PERSONAL | |
| Nombre personal | Grancho, Horacio |
| Término relativo | Traductor |
| 9 (RLIN) | 43527 |
| 942 ## - ELEMENTOS DE ENTRADA AÑADIDOS (KOHA) | |
| Source of classification or shelving scheme | Dewey Decimal Classification |
| Tipo de artículo Koha | Books |
| 999 ## - | |
| -- | 30027 |
| -- | 16411 |
| Estado retirado |
|---|